Las manos de Dios y otros cuentos

Збережено в:
Бібліографічні деталі
Автор: Jenkins Dobles, Eduardo
Формат: Книга
Мова:Undetermined
Опубліковано: San José, Costa Rica Editorial Costa Rica 1979
Предмети:
Теги: Додати тег
Немає тегів, Будьте першим, хто поставить тег для цього запису!

MARC

LEADER 00000nam a2200000Ia 4500
008 170316s9999 xx 000 0 und d
040 |a cru BVZT 
090 |a 868 J-3m 
100 |a Jenkins Dobles, Eduardo 
245 |a Las manos de Dios y otros cuentos 
260 |a San José, Costa Rica 
260 |b Editorial Costa Rica 
260 |c 1979 
300 |a 121 páginas 
650 |a LITERATURA COSTARRICENSE 
650 |a CUENTO 
942 |c 15 D 
999 |c 11223  |d 11223